000 00551nam a2200193Ia 4500
008 210303s9999 xx 000 0 und d
016 _2retro2022
020 _a9783796062
040 _aNLN
_bEnglish
_eAACR2
050 _aPR9387.9.A259
_bH761
082 _a823
100 _aAGADA, Jerry
_eaut
_919800
245 4 _aThe Holy land :
_bencounters and symbolism /
_cJerry Agada
260 _aMakurdi, Benue State :
_bAboki Publishers,
_c2005
300 _axx, 74p. ;
_b18cm.
563 _a(pbk)
650 _aNigeria fiction (English)
942 _n0
_cBK
999 _c12380
_d12380